[Event "Hradec Kralove Open 2021 - A FIDE Open"]
[Site "Cernigov hotel, Hradec Kralove"]
[Date "2021.11.10"]
[Round "6"]
[Board "9"]
[White "Barabas, Ales"]
[Black "Dusbaba, Karel"]
[Result "1/2-1/2"]
[WhiteElo "1745"]
[BlackElo "2007"]
[PlyCount "86"]
[EventDate "2021.11.06"]
[EventRounds "9"]
[EventCountry "CZE"]

1. Nf3 e6 2. g3 d5 3. Bg2 Bd6 4. d4 f5 5. Bg5 Nf6 6. Nbd2 O-O 7. Ne5 c6 8. e3
Qb6 9. Bxf6 gxf6 10. Nd3 e5 11. Nb3 Be6 12. O-O Nd7 13. Bh3 e4 14. Nf4 Bxf4 15.
gxf4 Kh8 16. Kh1 Qd8 17. Qh5 Qe8 18. Qxe8 Raxe8 19. a4 Rc8 20. c3 c5 21. dxc5
Nxc5 22. Nxc5 Rxc5 23. Rfd1 Kg7 24. Rd4 Kf7 25. Bf1 Ke7 26. Be2 Rfc8 27. Rg1
Rg8 28. Rg3 Rxg3 29. fxg3 Bf7 30. Kg2 Ke6 31. c4 Ke7 32. b4 Rc7 33. c5 a5 34.
bxa5 Rxc5 35. a6 bxa6 36. Bxa6 Rc2+ 37. Kg1 Rc1+ 38. Kf2 Rc2+ 39. Kg1 Kd6 40.
Rb4 Rc6 41. Bb7 Rc1+ 42. Kf2 Rc2+ 43. Kg1 Rc1+  1/2-1/2

[Event "Hradec Kralove Open 2021 - A FIDE Open"]
[Site "Cernigov hotel, Hradec Kralove"]
[Date "2021.11.10"]
[Round "6"]
[Board "11"]
[White "Zdechovsky, Tobias"]
[Black "Stary, Lukas"]
[Result "1-0"]
[WhiteElo "2012"]
[BlackElo "1887"]
[PlyCount "65"]
[EventDate "2021.11.06"]
[EventRounds "9"]
[EventCountry "CZE"]

1. d4 d5 2. c4 dxc4 3. Nf3 b5 4. e3 e6 5. a4 c6 6. b3 Bb4+ 7. Bd2 Bxd2+ 8.
Nfxd2 a5 9. axb5 cxb5 10. bxc4 b4 11. Qf3 Ra7 12. Qg3 Nc6 13. Ne4 Kf8 14. Nbd2
Nf6 15. Be2 Bb7 16. Nd6 Ne7 17. Nxb7 Rxb7 18. O-O g6 19. Qe5 Nc6 20. Qc5+ Ne7
21. Bf3 Rb8 22. Qxa5 Kg7 23. Rfb1 Nf5 24. g3 Qb6 25. Qe5 h5 26. Ne4 Qd8 27. c5
Nh6 28. Ra4 Rf8 29. Raxb4 Rc8 30. Rb7 Nhg8 31. Qxe6 Kh8 32. Nxf6 Nxf6 33. Rxf7
 1-0

[Event "Hradec Kralove Open 2021 - A FIDE Open"]
[Site "Cernigov hotel, Hradec Kralove"]
[Date "2021.11.10"]
[Round "6"]
[Board "12"]
[White "Lifshits, Felix"]
[Black "Bruna, Matous"]
[Result "1/2-1/2"]
[WhiteElo "2185"]
[BlackElo "1692"]
[PlyCount "31"]
[EventDate "2021.11.06"]
[EventRounds "9"]
[EventCountry "CZE"]

1. e4 c5 2. c3 g6 3. Nf3 Bg7 4. Be2 Nc6 5. O-O d5 6. d3 dxe4 7. dxe4 Qxd1 8.
Rxd1 Nf6 9. Bd3 O-O 10. Re1 Nd7 11. Bf4 Nde5 12. Nxe5 Nxe5 13. Bf1 b6 14. Nd2
Bb7 15. Nc4 Nxc4 16. Bxc4  1/2-1/2

[Event "Hradec Kralove Open 2021 - A FIDE Open"]
[Site "Cernigov hotel, Hradec Kralove"]
[Date "2021.11.10"]
[Round "6"]
[Board "15"]
[White "Nemec, Otakar"]
[Black "Paldus, Petr"]
[Result "1/2-1/2"]
[WhiteElo "1837"]
[BlackElo "2025"]
[PlyCount "93"]
[EventDate "2021.11.06"]
[EventRounds "9"]
[EventCountry "CZE"]

1. e4 e5 2. Nf3 Nc6 3. Bb5 Nf6 4. d3 Bc5 5. O-O d6 6. c3 O-O 7. h3 Bd7 8. Re1
Ne7 9. Bc4 Ng6 10. Be3 Bxe3 11. fxe3 c6 12. Nbd2 d5 13. exd5 cxd5 14. Bb3 Bc6
15. Nf1 Qd6 16. Qd2 Rad8 17. Rad1 h6 18. Bc2 Rfe8 19. Qf2 Qe7 20. Ng3 Nh7 21.
Nh2 Qf6 22. Qxf6 Nxf6 23. Nf3 Nf8 24. Rf1 d4 25. e4 Ng6 26. c4 b5 27. b4 bxc4
28. dxc4 Nd7 29. Bd3 Nf4 30. Kh2 f6 31. Rfe1 a5 32. b5 Bb7 33. Bc2 Nc5 34. Kg1
g5 35. Kf2 h5 36. h4 gxh4 37. Nxh4 d3 38. Bb1 Rd4 39. Nhf5 d2 40. Rh1 h4 41.
Rxh4 Rd7 42. Ne3 Nfd3+ 43. Bxd3 Nxd3+ 44. Ke2 Nf4+ 45. Kf2 Nd3+ 46. Ke2 Nf4+
47. Kf2  1/2-1/2

[Event "Hradec Kralove Open 2021 - A FIDE Open"]
[Site "Cernigov hotel, Hradec Kralove"]
[Date "2021.11.10"]
[Round "6"]
[Board "16"]
[White "Jiruse, Josef"]
[Black "Tsapanidis, Vasilis"]
[Result "1/2-1/2"]
[WhiteElo "1962"]
[BlackElo "1785"]
[PlyCount "57"]
[EventDate "2021.11.06"]
[EventRounds "9"]
[EventCountry "CZE"]

1. c4 c6 2. g3 d5 3. Bg2 dxc4 4. Na3 Nf6 5. Nxc4 g6 6. Nf3 Bg7 7. O-O O-O 8. d3
Nbd7 9. Rb1 Nb6 10. Nxb6 Qxb6 11. Be3 Qd8 12. Qc1 Re8 13. h3 e5 14. Bh6 e4 15.
Bxg7 Kxg7 16. dxe4 Nxe4 17. e3 Be6 18. b3 Bd5 19. Qb2+ Qf6 20. Qxf6+ Kxf6 21.
Rb2 Rad8 22. Rc1 Nd6 23. Kf1 Rd7 24. Ke2 Red8 25. Bf1 Ne4 26. Nd2 Nxd2 27. Kxd2
Bxb3+ 28. Kc3 Be6 29. h4  1/2-1/2

[Event "Hradec Kralove Open 2021 - A FIDE Open"]
[Site "Cernigov hotel, Hradec Kralove"]
[Date "2021.11.10"]
[Round "6"]
[Board "17"]
[White "Portych, Vaclav"]
[Black "Navratil, Jiri"]
[Result "1/2-1/2"]
[WhiteElo "1755"]
[BlackElo "1938"]
[PlyCount "46"]
[EventDate "2021.11.06"]
[EventRounds "9"]
[EventCountry "CZE"]

1. c4 e5 2. Nc3 c6 3. Nf3 Qc7 4. g3 d6 5. Bg2 Be7 6. d4 Nf6 7. dxe5 dxe5 8. O-O
Be6 9. b3 h6 10. Bb2 Nbd7 11. Qc2 O-O 12. Nh4 Rfe8 13. Nf5 Bf8 14. Rad1 Rad8
15. Rd2 g6 16. Ne3 h5 17. Rfd1 Bh6 18. Rd3 Nc5 19. Rxd8 Rxd8 20. Bc1 Rxd1+ 21.
Qxd1 Qa5 22. Qc2 Kh7 23. h4 Nfd7  1/2-1/2

[Event "Hradec Kralove Open 2021 - A FIDE Open"]
[Site "Cernigov hotel, Hradec Kralove"]
[Date "2021.11.11"]
[Round "7"]
[Board "1"]
[White "Thuesen, Mogens"]
[Black "Plischki, Sebastian"]
[Result "0-1"]
[WhiteElo "2188"]
[BlackElo "2368"]
[PlyCount "92"]
[EventDate "2021.11.06"]
[EventRounds "9"]
[EventCountry "CZE"]

1. d4 Nf6 2. c4 g6 3. Nc3 Bg7 4. e4 d6 5. f4 O-O 6. Nf3 c5 7. d5 e6 8. dxe6
fxe6 9. Bd3 Nc6 10. O-O b6 11. Bd2 Qe7 12. Qe1 Nb4 13. Qe2 Nxd3 14. Qxd3 Bb7
15. f5 Ng4 16. Bg5 Qd7 17. fxe6 Qxe6 18. Nd5 Bxb2 19. Rae1 Rf7 20. h3 Ne5 21.
Nxe5 Bxe5 22. Rxf7 Qxf7 23. Rf1 Qe6 24. Qf3 Bxd5 25. exd5 Qd7 26. Bh6 Qe7 27.
g4 Bg7 28. Bxg7 Kxg7 29. Qc3+ Kg8 30. Qf6 Re8 31. a4 Qxf6 32. Rxf6 Re1+ 33. Kg2
Ra1 34. Rxd6 Rxa4 35. g5 Rxc4 36. Rd8+ Kf7 37. Rd7+ Ke8 38. Rxh7 Rd4 39. Rg7
Rxd5 40. Rxg6 c4 41. h4 c3 42. Re6+ Kf7 43. Rf6+ Kg7 44. Rf1 b5 45. Ra1 Rd7 46.
Kf3 b4  0-1

[Event "Hradec Kralove Open 2021 - A FIDE Open"]
[Site "Cernigov hotel, Hradec Kralove"]
[Date "2021.11.11"]
[Round "7"]
[Board "4"]
[White "Sharon, Rafael"]
[Black "Winter, Ondrej"]
[Result "0-1"]
[WhiteElo "1810"]
[BlackElo "2074"]
[PlyCount "110"]
[EventDate "2021.11.06"]
[EventRounds "9"]
[EventCountry "CZE"]

1. e4 c5 2. Nf3 Nc6 3. Bb5 g6 4. Nc3 Bg7 5. Bxc6 bxc6 6. d3 d6 7. h3 Nh6 8. O-O
f6 9. Be3 Nf7 10. Nh2 O-O 11. Qd2 Rb8 12. b3 e5 13. Rad1 Qe7 14. f4 Rd8 15.
fxe5 fxe5 16. Na4 Be6 17. c4 h6 18. Rf2 Kh7 19. Rdf1 Rf8 20. Nf3 Rb7 21. Nh2
Qe8 22. Rf3 Rb8 23. Kh1 Qd7 24. Qd1 g5 25. R3f2 Nh8 26. Rxf8 Bxf8 27. Qe2 Ng6
28. Ng4 Bg7 29. Nf6+ Bxf6 30. Rxf6 Kg7 31. Rf2 Rg8 32. Qh5 Nf4 33. Bxf4 gxf4
34. Nc3 Kh7 35. Qe2 Qe7 36. Rf3 h5 37. Rf1 Kh6 38. Nd1 Qh4 39. Nf2 Rg3 40. Qe1
f3 41. Rg1 Bxh3 42. Qd2+ Kh7 43. Nxh3 fxg2+ 44. Rxg2 Qxh3+ 45. Kg1 Rxg2+ 46.
Qxg2 Qxg2+ 47. Kxg2 Kg6 48. Kh3 Kg5 49. Kg3 a5 50. a3 h4+ 51. Kh3 Kh5 52. Kh2
Kg4 53. Kg2 Kf4 54. Kf2 h3 55. a4 h2  0-1

[Event "Hradec Kralove Open 2021 - A FIDE Open"]
[Site "Cernigov hotel, Hradec Kralove"]
[Date "2021.11.11"]
[Round "7"]
[Board "6"]
[White "Michalek, Michal"]
[Black "Tesar, Jan"]
[Result "1-0"]
[WhiteElo "2161"]
[BlackElo "1966"]
[PlyCount "117"]
[EventDate "2021.11.06"]
[EventRounds "9"]
[EventCountry "CZE"]

1. d4 d5 2. Nf3 e6 3. c4 Nf6 4. g3 Be7 5. Bg2 O-O 6. O-O b6 7. Nc3 Bb7 8. Ne5
Nbd7 9. Qa4 c5 10. Nxd7 Nxd7 11. cxd5 cxd4 12. Qxd4 Bf6 13. Qd1 Bxc3 14. dxe6
Bxg2 15. Kxg2 fxe6 16. bxc3 Qc7 17. Be3 Ne5 18. Bf4 Qc6+ 19. Kg1 Nc4 20. Qc2 e5
21. Bd2 Qc5 22. Rad1 Rac8 23. Bc1 Rc6 24. Qe4 Rcf6 25. Qd5+ Qxd5 26. Rxd5 a6
27. f4 g5 28. e3 b5 29. Kf2 Rh6 30. Kg2 Rhf6 31. Rd7 Nb6 32. Rb7 Nd5 33. Rd1
Nxc3 34. Rdd7 R6f7 35. Bb2 Rxd7 36. Rxd7 Rc8 37. fxe5 b4 38. Kf3 h5 39. e4 Rc4
40. e6 Kf8 41. Ke3 Rxe4+ 42. Kd3 Rxe6 43. Bxc3 bxc3 44. Rd5 c2 45. Kxc2 Re2+
46. Rd2 Rxd2+ 47. Kxd2 Ke7 48. Ke3 Kf6 49. Ke4 Ke6 50. h3 Kf6 51. g4 hxg4 52.
hxg4 Ke6 53. a3 Kf6 54. Kd5 a5 55. a4 Kf7 56. Kc6 Ke6 57. Kb5 Ke5 58. Kxa5 Kf4
59. Kb5  1-0

[Event "Hradec Kralove Open 2021 - A FIDE Open"]
[Site "Cernigov hotel, Hradec Kralove"]
[Date "2021.11.11"]
[Round "7"]
[Board "7"]
[White "Valenta, Vit Vaclav"]
[Black "Marinc, Damir"]
[Result "1/2-1/2"]
[WhiteElo "2042"]
[BlackElo "1906"]
[PlyCount "56"]
[EventDate "2021.11.06"]
[EventRounds "9"]
[EventCountry "CZE"]

1. e4 e6 2. d4 d5 3. Nc3 Nc6 4. Nf3 Nf6 5. Bg5 Be7 6. Bd3 Nxe4 7. Nxe4 dxe4 8.
Bxe7 Qxe7 9. Bxe4 Qb4+ 10. Qd2 Qxd2+ 11. Kxd2 Bd7 12. c3 h6 13. Rhe1 O-O-O 14.
Kc2 Rhe8 15. Bxc6 Bxc6 16. Ne5 Bxg2 17. Nxf7 Rd5 18. Ne5 c5 19. Rad1 cxd4 20.
Rxd4 Rxd4 21. cxd4 Bh3 22. Kd2 Re7 23. Rc1+ Rc7 24. Rc5 b6 25. Rc3 Rxc3 26.
bxc3 b5 27. Ke3 Kc7 28. Nd3 Kd6  1/2-1/2

[Event "Hradec Kralove Open 2021 - A FIDE Open"]
[Site "Cernigov hotel, Hradec Kralove"]
[Date "2021.11.11"]
[Round "7"]
[Board "8"]
[White "Kulhanek, Jachym"]
[Black "Zdechovsky, Tobias"]
[Result "1/2-1/2"]
[WhiteElo "1913"]
[BlackElo "2012"]
[PlyCount "40"]
[EventDate "2021.11.06"]
[EventRounds "9"]
[EventCountry "CZE"]

1. e4 c6 2. d4 d5 3. exd5 cxd5 4. c4 Nf6 5. Nc3 Nc6 6. Nf3 g6 7. cxd5 Nxd5 8.
Bb5 Bg7 9. O-O O-O 10. h3 Nxc3 11. bxc3 Na5 12. Ba3 a6 13. Bd3 Re8 14. Rc1 Be6
15. Qd2 Rc8 16. Ne5 Bd5 17. Rfe1 b5 18. Bb4 Nc6 19. Nxc6 Rxc6 20. a4 Bc4
 1/2-1/2

[Event "Hradec Kralove Open 2021 - A FIDE Open"]
[Site "Cernigov hotel, Hradec Kralove"]
[Date "2021.11.11"]
[Round "7"]
[Board "12"]
[White "Smietanska, Wiktoria"]
[Black "Szkoludek, Sebastian"]
[Result "0-1"]
[WhiteElo "1777"]
[BlackElo "1916"]
[PlyCount "86"]
[EventDate "2021.11.06"]
[EventRounds "9"]
[EventCountry "CZE"]

1. e4 e6 2. d4 d5 3. Nd2 c5 4. exd5 Qxd5 5. dxc5 Bxc5 6. Ngf3 Nf6 7. Bc4 Qd8 8.
O-O O-O 9. Qe2 Nc6 10. Nb3 Be7 11. c3 Qc7 12. Nbd4 Bd7 13. Bb3 Nxd4 14. Nxd4
Qa5 15. Re1 Rae8 16. Nf3 Qb5 17. Qxb5 Bxb5 18. Be3 b6 19. a4 Bc6 20. Ne5 Rc8
21. a5 Bc5 22. axb6 axb6 23. Ra7 Be4 24. f3 Bg6 25. Bxc5 Rxc5 26. Ba4 b5 27.
Bb3 Rd8 28. f4 Rf8 29. Rd1 Rcc8 30. g4 Ra8 31. Rda1 Rad8 32. Rb7 Be4 33. Rxb5
Rd2 34. g5 Nh5 35. Ra7 Nxf4 36. Rb4 Nh3+ 37. Kf1 Bf5 38. Rbb7 Nxg5 39. h4 Ne4
40. Rxf7 Ng3+ 41. Kg1 Rxf7 42. Nxf7 Bh3 43. Ra8+ Kxf7  0-1

[Event "Hradec Kralove Open 2021 - A FIDE Open"]
[Site "Cernigov hotel, Hradec Kralove"]
[Date "2021.11.11"]
[Round "7"]
[Board "18"]
[White "Navratil, Jiri"]
[Black "Bruna, Matous"]
[Result "1/2-1/2"]
[WhiteElo "1938"]
[BlackElo "1692"]
[PlyCount "34"]
[EventDate "2021.11.06"]
[EventRounds "9"]
[EventCountry "CZE"]

1. d4 Nf6 2. Nf3 d5 3. c3 e6 4. Nbd2 c5 5. e3 Nc6 6. Bd3 Be7 7. O-O O-O 8. Ne5
Nxe5 9. dxe5 Nd7 10. f4 f5 11. exf6 Nxf6 12. Nf3 Qb6 13. Qc2 c4 14. Be2 Qc7 15.
Nd4 Bd7 16. Bf3 e5 17. Nf5 Bc5  1/2-1/2

[Event "Hradec Kralove Open 2021 - A FIDE Open"]
[Site "Cernigov hotel, Hradec Kralove"]
[Date "2021.11.11"]
[Round "7"]
[Board "19"]
[White "Stary, Lukas"]
[Black "Macho, Miloslav"]
[Result "1-0"]
[WhiteElo "1887"]
[BlackElo "1653"]
[PlyCount "41"]
[EventDate "2021.11.06"]
[EventRounds "9"]
[EventCountry "CZE"]

1. d4 Nf6 2. Bf4 g6 3. Nc3 Bg7 4. e4 d6 5. Qd2 O-O 6. O-O-O c6 7. Bh6 b5 8. f3
b4 9. Nce2 a5 10. h4 Be6 11. Kb1 Na6 12. h5 b3 13. cxb3 a4 14. bxa4 Rb8 15.
Bxg7 Kxg7 16. hxg6 fxg6 17. Nf4 Bxa2+ 18. Kxa2 Qb6 19. Bxa6 Qb3+ 20. Kb1 Ra8
21. Qc2  1-0

[Event "Hradec Kralove Open 2021 - A FIDE Open"]
[Site "Cernigov hotel, Hradec Kralove"]
[Date "2021.11.11"]
[Round "7"]
[Board "20"]
[White "Svec, Ludek"]
[Black "Svetly, Jiri"]
[Result "0-1"]
[WhiteElo "1514"]
[BlackElo "1803"]
[PlyCount "73"]
[EventDate "2021.11.06"]
[EventRounds "9"]
[EventCountry "CZE"]

1. d4 Nf6 2. Nf3 d6 3. g3 g6 4. Bg2 Bg7 5. O-O O-O 6. c4 c5 7. Nc3 Nc6 8. d5
Nb4 9. a3 Na6 10. Qc2 Rb8 11. Rb1 Bd7 12. e4 b5 13. cxb5 Bxb5 14. Nxb5 Rxb5 15.
Nd2 Ng4 16. Nc4 Ne5 17. Nxe5 Bxe5 18. Qc4 Qb6 19. Bf3 Nc7 20. Bd1 Rb8 21. Ba4
Ra5 22. Bd2 Qa6 23. Qxa6 Rxa6 24. Bc6 Nb5 25. f4 Bg7 26. Be3 Nd4 27. Bxd4 Bxd4+
28. Kg2 Rab6 29. b4 cxb4 30. Rxb4 Rxb4 31. axb4 Rxb4 32. Rc1 Rb2+ 33. Kh1 Re2
34. Rc4 Rxe4 35. Rc2 a5 36. Ra2 Bc5 37. Ba4  0-1

[Event "Hradec Kralove Open 2021 - A FIDE Open"]
[Site "Cernigov hotel, Hradec Kralove"]
[Date "2021.11.11"]
[Round "7"]
[Board "22"]
[White "Stary, Vojtech"]
[Black "Gloser, Tomas"]
[Result "1-0"]
[WhiteElo "1633"]
[BlackElo "1414"]
[PlyCount "47"]
[EventDate "2021.11.06"]
[EventRounds "9"]
[EventCountry "CZE"]

1. e4 e5 2. Nf3 Nc6 3. Bc4 Bc5 4. c3 Nf6 5. d4 exd4 6. cxd4 Bb4+ 7. Bd2 Nxe4 8.
Bxb4 Nxb4 9. Bxf7+ Kxf7 10. Qb3+ d5 11. Ne5+ Ke7 12. Qxb4+ Ke8 13. O-O Qe7 14.
Qb3 c6 15. f3 Nd6 16. Nc3 Kd8 17. Rfe1 Qf6 18. Na4 Kc7 19. Rac1 Be6 20. Nc5 Bf7
21. Nxb7 Nc4 22. Nc5 Rhe8 23. Qb7+ Kd6 24. Qd7#  1-0

[Event "Hradec Kralove Open 2021 - A FIDE Open"]
[Site "Cernigov hotel, Hradec Kralove"]
[Date "2021.11.11"]
[Round "7"]
[Board "24"]
[White "Vosmik, Matej"]
[Black "Lacha, Jan"]
[Result "1/2-1/2"]
[WhiteElo "1464"]
[BlackElo "1838"]
[PlyCount "37"]
[EventDate "2021.11.06"]
[EventRounds "9"]
[EventCountry "CZE"]

1. d4 e6 2. e4 d5 3. Nc3 Nf6 4. exd5 exd5 5. Bd3 Bg4 6. f3 Bh5 7. Bf4 Bg6 8.
Bxg6 hxg6 9. Be3 Bb4 10. Qd3 Bxc3+ 11. Qxc3 Qd6 12. Qd2 Nc6 13. O-O-O O-O-O 14.
Bf4 Qb4 15. Qxb4 Nxb4 16. c3 Nc6 17. Re1 Rde8 18. Ne2 Re6 19. Kd2  1/2-1/2

[Event "Hradec Kralove Open 2021 - A FIDE Open"]
[Site "Cernigov hotel, Hradec Kralove"]
[Date "2021.11.11"]
[Round "7"]
[Board "27"]
[White "Mraz, Pavel"]
[Black "Dusek, Vladimir"]
[Result "1/2-1/2"]
[WhiteElo "1508"]
[BlackElo "1635"]
[PlyCount "51"]
[EventDate "2021.11.06"]
[EventRounds "9"]
[EventCountry "CZE"]

1. d4 Nf6 2. c4 g6 3. Nc3 d5 4. cxd5 Nxd5 5. Nf3 Nxc3 6. bxc3 Bg7 7. e3 c5 8.
Bb5+ Bd7 9. Bxd7+ Nxd7 10. O-O O-O 11. Qb3 Qc7 12. Rb1 b6 13. c4 Rfe8 14. d5
Ne5 15. Nxe5 Qxe5 16. Bb2 Qe4 17. Bxg7 Kxg7 18. Rfd1 h5 19. Qd3 Qg4 20. f3 Qd7
21. e4 Qd6 22. Qc3+ f6 23. Qe3 h4 24. f4 Qd7 25. Qf3 Rh8 26. h3  1/2-1/2

[Event "Hradec Kralove Open 2021 - A FIDE Open"]
[Site "Cernigov hotel, Hradec Kralove"]
[Date "2021.11.12"]
[Round "8"]
[Board "1"]
[White "Plischki, Sebastian"]
[Black "Jirasek, Pavel"]
[Result "0-1"]
[WhiteElo "2368"]
[BlackElo "2271"]
[PlyCount "62"]
[EventDate "2021.11.06"]
[EventRounds "9"]
[EventCountry "CZE"]

1. d4 Nf6 2. c4 e6 3. Nf3 b6 4. g3 Bb7 5. Bg2 Be7 6. O-O O-O 7. Nc3 Ne4 8. Bd2
Bf6 9. Re1 c5 10. d5 Nxc3 11. Bxc3 Bxc3 12. bxc3 d6 13. dxe6 fxe6 14. Qd2 Qe7
15. Rad1 Rd8 16. Qe3 Na6 17. Rd3 Nc7 18. Nh4 Bxg2 19. Nxg2 Qf6 20. Red1 d5 21.
cxd5 Nxd5 22. Qd2 Rf8 23. e4 c4 24. Rxd5 exd5 25. exd5 b5 26. Nf4 Qd6 27. Qd4
Rae8 28. Ne6 Rf7 29. Kg2 Rd7 30. f4 Rxe6 31. dxe6 Qc6+  0-1

[Event "Hradec Kralove Open 2021 - A FIDE Open"]
[Site "Cernigov hotel, Hradec Kralove"]
[Date "2021.11.12"]
[Round "8"]
[Board "2"]
[White "Thuesen, Mogens"]
[Black "Pein, Jonathan"]
[Result "0-1"]
[WhiteElo "2188"]
[BlackElo "2218"]
[PlyCount "92"]
[EventDate "2021.11.06"]
[EventRounds "9"]
[EventCountry "CZE"]

1. d4 Nf6 2. c4 g6 3. Nc3 Bg7 4. e4 O-O 5. Be3 d6 6. f3 Nc6 7. Nge2 a6 8. Qd2
Na5 9. Nc1 Nd7 10. b4 Nc6 11. Rb1 e5 12. d5 Nd4 13. N1e2 f5 14. Nxd4 exd4 15.
Bxd4 Bxd4 16. Qxd4 fxe4 17. Nxe4 Ne5 18. Be2 Qh4+ 19. Qf2 Qh6 20. Qd4 Qh4+ 21.
Qf2 Qh6 22. O-O Ng4 23. fxg4 Rxf2 24. Rxf2 Qe3 25. Nf6+ Kg7 26. Rbf1 a5 27. b5
h5 28. Kh1 hxg4 29. Nxg4 Qe7 30. Bf3 Qg5 31. h3 Bf5 32. Re1 Rf8 33. Rfe2 Qf4
34. c5 dxc5 35. Re7+ Rf7 36. Rxf7+ Kxf7 37. Ne5+ Kf6 38. b6 cxb6 39. d6 Qxe5
40. Rxe5 Kxe5 41. g4 Be6 42. h4 Kxd6 43. a3 Bd5 44. Bxd5 Kxd5 45. h5 gxh5 46.
gxh5 Ke6  0-1

[Event "Hradec Kralove Open 2021 - A FIDE Open"]
[Site "Cernigov hotel, Hradec Kralove"]
[Date "2021.11.12"]
[Round "8"]
[Board "3"]
[White "Winter, Ondrej"]
[Black "Maryasin, Boris"]
[Result "1/2-1/2"]
[WhiteElo "2074"]
[BlackElo "2286"]
[PlyCount "103"]
[EventDate "2021.11.06"]
[EventRounds "9"]
[EventCountry "CZE"]

1. e4 c5 2. Nf3 Nc6 3. Bb5 g6 4. Bxc6 dxc6 5. d3 Bg7 6. O-O Bg4 7. h3 Bxf3 8.
Qxf3 Nf6 9. Nc3 O-O 10. Be3 Nd7 11. Qg3 b5 12. Rab1 a5 13. a4 Qb8 14. f4 Bd4
15. e5 f5 16. Qf2 Bxe3 17. Qxe3 e6 18. b3 Qb6 19. Kh2 Rad8 20. g4 b4 21. Nd1
fxg4 22. hxg4 Qc7 23. g5 Nxe5 24. Nf2 Nd7 25. Qxe6+ Kh8 26. Ne4 Rde8 27. Qg4
Rf5 28. Rf2 Ref8 29. Rbf1 Nb6 30. Nf6 Nd5 31. Nxd5 cxd5 32. Kg3 c4 33. dxc4
dxc4 34. Re2 Qd6 35. Rf3 Qd1 36. Ref2 Re8 37. Qh3 Re1 38. Rf1 Rxf1 39. Qxf1
Qxf1 40. Rxf1 Rc5 41. Rf3 cxb3 42. cxb3 Kg7 43. Kg4 Rc3 44. Kg3 Kf7 45. Kf2
Rc2+ 46. Ke3 Ke6 47. Ke4 Re2+ 48. Re3 Rb2 49. Rh3 Re2+ 50. Re3 Rh2 51. Rd3 Rh1
52. Re3  1/2-1/2

[Event "Hradec Kralove Open 2021 - A FIDE Open"]
[Site "Cernigov hotel, Hradec Kralove"]
[Date "2021.11.12"]
[Round "8"]
[Board "4"]
[White "Michalek, Michal"]
[Black "Kamenskyi, Dmytro"]
[Result "1-0"]
[WhiteElo "2161"]
[BlackElo "1973"]
[PlyCount "41"]
[EventDate "2021.11.06"]
[EventRounds "9"]
[EventCountry "CZE"]

1. Nf3 e6 2. c4 Nf6 3. g3 d5 4. Bg2 dxc4 5. O-O b5 6. a4 c6 7. axb5 cxb5 8. Nd4
Qxd4 9. Bxa8 h5 10. d3 cxd3 11. Qxd3 Qxd3 12. exd3 Bc5 13. Nc3 a6 14. Ne4 Bd4
15. Be3 Bxb2 16. Ra2 Be5 17. f4 Bc7 18. Rc1 Kd7 19. Rac2 Ba5 20. Nc5+ Kd6 21.
Nb3  1-0

[Event "Hradec Kralove Open 2021 - A FIDE Open"]
[Site "Cernigov hotel, Hradec Kralove"]
[Date "2021.11.12"]
[Round "8"]
[Board "5"]
[White "Tsifanskaya, Ludmila A"]
[Black "Sharon, Rafael"]
[Result "0-1"]
[WhiteElo "1987"]
[BlackElo "1810"]
[PlyCount "94"]
[EventDate "2021.11.06"]
[EventRounds "9"]
[EventCountry "CZE"]

1. e4 c5 2. Nf3 e6 3. d3 Nc6 4. g3 d5 5. Qe2 Nge7 6. Bg2 g6 7. O-O Bg7 8. c3
O-O 9. e5 h6 10. h4 Nf5 11. Bf4 b6 12. a4 Bb7 13. Na3 a6 14. Nc2 d4 15. c4 Qe7
16. Rfe1 Rfe8 17. Ra3 Rad8 18. Qd2 Kh7 19. Nh2 f6 20. Ng4 Nxe5 21. Nxe5 Bxg2
22. Kxg2 fxe5 23. Bxe5 Bxe5 24. Rxe5 Qf6 25. Qe2 Ne3+ 26. Rxe3 dxe3 27. Nxe3 h5
28. Rc3 Re7 29. Qf3 Qxf3+ 30. Kxf3 Rf7+ 31. Ke2 Rdf8 32. f4 Re8 33. Kd2 Rd7 34.
Kc2 Kg7 35. Nd1 e5 36. fxe5 Rxe5 37. Rb3 Re2+ 38. Kc3 Rd6 39. a5 bxa5 40. Rb7+
Kh6 41. Rf7 a4 42. Rf2 Rde6 43. d4 cxd4+ 44. Kxd4 Rxf2 45. Nxf2 Re2 46. Nd3
Rxb2 47. Nxb2 a3  0-1

[Event "Hradec Kralove Open 2021 - A FIDE Open"]
[Site "Cernigov hotel, Hradec Kralove"]
[Date "2021.11.12"]
[Round "8"]
[Board "6"]
[White "Vestfal, Jan"]
[Black "Zelbova, Lada"]
[Result "0-1"]
[WhiteElo "1940"]
[BlackElo "1956"]
[PlyCount "48"]
[EventDate "2021.11.06"]
[EventRounds "9"]
[EventCountry "CZE"]

1. d4 Nf6 2. Bg5 d5 3. Bxf6 exf6 4. e3 Be6 5. Bd3 Bd6 6. Nd2 Nd7 7. Qf3 O-O 8.
Ne2 c6 9. c3 Re8 10. g4 Nb6 11. h4 Qe7 12. O-O-O Nc4 13. Bc2 b5 14. g5 f5 15.
Bxf5 Bxf5 16. Qxf5 Rab8 17. h5 Rb6 18. Nf4 Ra6 19. Kb1 Rb8 20. g6 Nxd2+ 21.
Rxd2 fxg6 22. hxg6 h6 23. Re2 Rf8 24. Qg4 Qe4+  0-1

[Event "Hradec Kralove Open 2021 - A FIDE Open"]
[Site "Cernigov hotel, Hradec Kralove"]
[Date "2021.11.12"]
[Round "8"]
[Board "7"]
[White "Lambrecht, Tomasz"]
[Black "Dambrauskas, Virginijus"]
[Result "1/2-1/2"]
[WhiteElo "1876"]
[BlackElo "2186"]
[PlyCount "70"]
[EventDate "2021.11.06"]
[EventRounds "9"]
[EventCountry "CZE"]

1. e4 c5 2. Nf3 e6 3. g3 Nc6 4. Bg2 g6 5. O-O Bg7 6. Qe2 Nge7 7. Rd1 O-O 8. c3
e5 9. Na3 Re8 10. Nc2 d5 11. exd5 Nxd5 12. d3 h6 13. Ne3 Be6 14. Nxd5 Bxd5 15.
Be3 b6 16. Qd2 Qf6 17. Ne1 Bxg2 18. Kxg2 Kh7 19. Qe2 Rab8 20. h4 Qe6 21. h5 g5
22. f3 Ne7 23. Bf2 Kh8 24. Nc2 Rb7 25. a4 f5 26. a5 Qc6 27. axb6 axb6 28. Kh2
Rd8 29. Kg1 Qb5 30. Na3 Qc6 31. Nc4 Qf6 32. Ra6 Nc8 33. Kg2 g4 34. fxg4 Qc6+
35. Kh2 e4 {...}  1/2-1/2

[Event "Hradec Kralove Open 2021 - A FIDE Open"]
[Site "Cernigov hotel, Hradec Kralove"]
[Date "2021.11.12"]
[Round "8"]
[Board "8"]
[White "Zelba, Lukas"]
[Black "Valenta, Vit Vaclav"]
[Result "0-1"]
[WhiteElo "1883"]
[BlackElo "2042"]
[PlyCount "36"]
[EventDate "2021.11.06"]
[EventRounds "9"]
[EventCountry "CZE"]

1. d4 Nf6 2. Nf3 g6 3. Bg5 Bg7 4. Nbd2 d5 5. e3 O-O 6. Bd3 Nbd7 7. c4 c5 8. Rc1
cxd4 9. Nxd4 Ne5 10. Be2 dxc4 11. O-O Nd3 12. Rc2 e5 13. N4f3 b5 14. Bxd3 Qxd3
15. Nxe5 Qd5 16. Ndf3 Qxd1 17. Rxd1 Bf5 18. Rcd2 Ne4  0-1

[Event "Hradec Kralove Open 2021 - A FIDE Open"]
[Site "Cernigov hotel, Hradec Kralove"]
[Date "2021.11.12"]
[Round "8"]
[Board "9"]
[White "Bergerhoff, Andreas"]
[Black "Kulhanek, Jachym"]
[Result "0-1"]
[WhiteElo "2039"]
[BlackElo "1913"]
[PlyCount "66"]
[EventDate "2021.11.06"]
[EventRounds "9"]
[EventCountry "CZE"]

1. e4 c5 2. b4 cxb4 3. a3 e5 4. Nf3 Nc6 5. Bb2 bxa3 6. Nxa3 d6 7. d4 exd4 8.
Nxd4 Nf6 9. Bb5 Bd7 10. O-O Be7 11. Nf5 Bxf5 12. exf5 O-O 13. Re1 a6 14. Bf1 d5
15. Re3 Bc5 16. Bxf6 Qxf6 17. Rh3 Qd4 18. Bd3 Qxf2+ 19. Kh1 Rae8 20. f6 g6 21.
Rf3 Qh4 22. Qf1 Bxa3 23. g3 Qh5 24. g4 Qxg4 25. Bf5 Qb4 26. Rfxa3 Re5 27. Rg3
Rfe8 28. c3 Qb2 29. Rd1 Re2 30. Rh3 Rf2 31. Qd3 Rxf5 32. Qxf5 gxf5 33. Rg1+ Kh8
 0-1